Statistics for Cleveland Cavaliers 2000's Starters

Click here to take the quiz!

General Stats

  • This quiz has been taken 214 times
    (176 since last reset)
  • The average score is 7 of 27

Answer Stats

PlayerStarts% Correct
LeBron James6
100%
Zydrunas Ilgauskas8
82%
Eric Williams1
70%
Mo Williams1
70%
Carlos Boozer2
38%
Larry Hughes3
38%
Ricky Davis1
38%
Drew Gooden4
37%
Delonte West1
35%
Eric Snow2
35%
Jumaine Jones1
33%
Andre Miller2
29%
Shawn Kemp1
27%
Ben Wallace1
25%
Sasha Pavlovic1
21%
Darius Miles1
16%
Brevin Knight1
10%
Lamond Murray3
10%
Bob Sura1
7%
Ira Newble1
7%
Wesley Person1
6%
Chris Mihm1
5%
Jeff McInnis2
5%
Clarence Weatherspoon1
1%
Mark Bryant1
1%
Matt Harpring1
1%
Milt Palacio1
1%

Score Distribution

Percentile by Number Answered

Percent of People with Each Score

Your Score History

You have not taken this quiz since the last reset